Capitales européennes - partie 1 - Statistiques

Statistiques générales
  • Ce quiz a été pris 400 fois
  • Le résultat moyen est 14 sur 15
Statistiques - réponses
Hint Réponse % Correct
Berlin Allemagne
99%
Bruxelles Belgique
99%
Madrid Espagne
99%
Andorre-la-Vieille Andorre
97%
Paris France
97%
Londres Royaume -Uni
97%
Rome Italie
96%
Lisbonne Portugal
96%
Varsovie Pologne
95%
Dublin Irlande
94%
Amsterdam Pays-Bas
94%
Berne Suisse
92%
Stockholm Suède
91%
Copenhague Danemark
88%
Oslo Norvège
86%
Aucun quiz correspondant
Distribution des résultats
% des personnes avec chaque résultat
Percentile par nombre de réponses
Votre historique - résultats
Vous n’avez pas pris ce quiz